LEADER 01060nam0-2200349---450- 001 990004069830403321 005 20110628105026.0 035 $a000406983 035 $aFED01000406983 035 $a(Aleph)000406983FED01 035 $a000406983 100 $a19990604d1982----km-y0itay50------ba 101 1 $aita$ceng 102 $aIT 105 $aa-------001yy 200 1 $aMente e pensiero$fDonad O. Hebb$g[traduzione di Gabriella Farabegoli]$g[edizione italiana a cura di Riccardo Luccio] 210 $aBologna$cSocietā editrice il Mulino$d1982 215 $a254 p.$cill.$d21 cm 225 1 $aCollezione di testi e di studi$iPsicologia 454 0$12001$aEssay on mind$917788 610 0 $aMente$aPensiero 676 $a153.01 700 1$aHebb,$bDonald Olding$047626 702 1$aFarabegoli,$bGabriella 702 1$aLuccio,$bRiccardo 801 0$aIT$bUNINA$gREICAT$2UNIMARC 901 $aBK 912 $a990004069830403321 952 $aP.1 PG 836$bBibl. 5158$fFLFBC 959 $aFLFBC 996 $aEssay on mind$917788 997 $aUNINA LEADER 01461nam0 22002891i 450 001 UON00042159 005 20231205102150.811 100 $a20020107d1971 |0itac50 ba 101 $aeng 102 $aNL 105 $a|||| 1|||| 200 1 $aEducational and development in Central Asia$eA case study on social change in Uzbekistan$fby W.K. Medlin, W.M. Cave, F. Carpenter$gwith a foreword by C.A.O. Van Neuwenhuijze and a suppl. by Gale E. Jensen 210 $aLeiden$cE.J. Brill$d1971 215 $aXX, 285 p., [18] p. di tav.$cill.$d24 cm. 606 $aEDUCAZIONE$xASIA CENTRALE (UZBEKISTAN)$3UONC014376$2FI 620 $aNL$dLeiden$3UONL003056 686 $aAC XIII$cAsia Centrale - Sociologia, Ecologia, Politica ambientale$2A 700 1$aMEDLIN$bWilliam K.$3UONV026778$0498863 701 1$aCARPENTER$bFinley$3UONV026780$0648291 701 1$aCAVE$bWilliam M.$3UONV026779$0648290 712 $aBrill$3UONV245886$4650 801 $aIT$bSOL$c20251205$gRICA 912 $aUON00042159 950 $aSIBA - SISTEMA BIBLIOTECARIO DI ATENEO E ARCHIVIO STORICO$dSI AC XIII 002 $eSI TUR1259 5 002 950 $aSIBA - SISTEMA BIBLIOTECARIO DI ATENEO E ARCHIVIO STORICO$dSI DOPPI 948 $eSI IR 1716 5 996 $aEducational and development in Central Asia$91153565 997 $aUNIOR